00893 2200313 4500001002100000005001500021035002000036007000300056008004100059020002200100082001200122084001400134100003200148245006000180250002600240300003800266650001200304264003500316336002100351337003000372338002300402040002200425090002200447850001200469504003400481999002200515990002200537990002000559INLIS00000000089605120250509014147 a0010-0525000297ta250509s2024 yoi f ind d a978-623-314-591-604223a230 a230 FRA p0 aFrans P. TamarolePengarang10aPanggilan tuhan untuk memberi jawab /cFrans P. Tamarol aCetakan pertama, 2024 axx, 492 halaman :btabel ;c23 cm 4aKristen31aYogyakarta :bPBMR Andi,c2024 2rdacontentateks 2rdamediaatanpa perantara 2rdacarrieravolume aYOPDYOGbinderda aCB-D.11 2024-6488 aYOPDYOG aBibliografi : halaman 477-482 aCB-D.11/2024-6488 aCB-D.11/2024-6488 a73441-PD/A.2025